000
00248nam a22001097a 4500
008
230627b xxu||||| |||| 00| 0 eng d
082
_a
338.1
_b
GEO
100
_c
Susan George
245
_a
How the Other Half Dies
300
_a
351p
942
_2
ddc
_c
BK
999
_c
2787
_d
2787